000 00813nam a2200253 i 4500
003 DO-SdBNP
005 20240517111956.0
007 ta
008 110413s1976 dr ac 000 j spa d
040 _aDO-SdBNP
_bspa
_cBNPHU
_erda
082 4 _bM255
_222
100 1 _aMallol Burgos, Elso F.,
_984615
_eautor
245 1 0 _aAtlas de histopatología integral /
_cElso F. Mallol Burgos
250 _aSegunda edición, corregida y ampliada
264 1 _aSanto Domingo :
_bEconomato de la UASD,
_c1976.
300 _a557 páginas :
_bIlustraciones y retratos ;
_c26 cm.
336 _2rdacontent
_atexto
_btxt
337 _2rdamedia
_asin mediación
_bn
338 _2rdacarrier
_avolumen
_bnc
504 _aBibliografía : p. 551-557
590 _aInventariado, 2023/ YL
910 _aYLockward
942 _2ddc
_cLBS1
999 _c55458
_d55458